UM Logo

A dream of peace and other stories/ (Record no. 6641)

MARC details
000 -LEADER
fixed length control field 00502nam a22001577a 4500
008 - FIXED-LENGTH DATA ELEMENTS--GENERAL INFORMATION
fixed length control field 170424b xxu||||| |||| 00| 0 eng d
020 ## - INTERNATIONAL STANDARD BOOK NUMBER
International Standard Book Number 9712706931
082 ## - DEWEY DECIMAL CLASSIFICATION NUMBER
Edition number 1998
Classification number DFil 899.2103
Item number M67
100 ## - MAIN ENTRY--PERSONAL NAME
9 (RLIN) 20112
Personal name Miraflor, Norma O.
245 ## - TITLE STATEMENT
Title A dream of peace and other stories/
Statement of responsibility, etc. Norma O. Miraflor.
260 ## - PUBLICATION, DISTRIBUTION, ETC. (IMPRINT)
Place of publication, distribution, etc. Pasig City:
Name of publisher, distributor, etc. Anvil Publishing, Inc.,
Date of publication, distribution, etc. c1998.
300 ## - PHYSICAL DESCRIPTION
Extent v, 187 pages;
Dimensions 22 cm.
650 #0 - SUBJECT ADDED ENTRY--TOPICAL TERM
9 (RLIN) 20113
Topical term or geographic name as entry element Short stories, Philippine (English).
365 ## - TRADE PRICE
Price amount 281.00
Currency code Php.
942 ## - ADDED ENTRY ELEMENTS (KOHA)
Source of classification or shelving scheme Dewey Decimal Classification
Koha item type Filipiniana
Holdings
Withdrawn status Lost status Source of classification or shelving scheme Damaged status Not for loan Collection code Home library Current library Date acquired Source of acquisition Total Checkouts Full call number Barcode Date last seen Cost, replacement price Price effective from Koha item type
    Dewey Decimal Classification     Filipiniana UM Digos College - LIC UM Digos College - LIC 10/08/2003 Purchased   DFil 899.2103 M67 1998 16141 05/15/2025 281.00 04/24/2017 Filipiniana